00735nam a22001937a 4500999001900000005001700019010001500036020002700051035001400078037001300092082001200105100002400117245012600141260004500267270005800312300002100370942002600391952012400417 c187650d18765020220427111800.0 aENG-132415 a9788192392707c2795.00 aEN-115947 bDBAD/PUB a615.321 aSarkar, Manoj Kumar aManagement Strategies for Endemic and Threatened Medicinal Plants In India- A Geoinformatic Approach/bManoj Kumar Sarkar aChennaibDepartment of Environmentc2012 aPanagal Buildings, No. 1 Jeenis RoadbChennaie600015 a555p.c23cm(pbk) 2ddccENh615.321mSAR 001040708NFICaBNbBNd2022-04-27eDBAD/PUBg2795.00l0o615.321 SARpEN-115947r2022-04-27 00:00:00t1v2795.00yEN